[Event "Open Master Gran Hotel Bali"]
[Site "Benidorm ESP"]
[Date "2007.12.06"]
[Round "1.1"]
[White "Sanchez Barbado, Carlos"]
[Black "Delchev, Aleksander"]
[Result "0-1"]
[WhiteElo "2155"]
[BlackElo "2613"]
[PlyCount "76"]
[EventDate "2007.12.06"]
[EventType "swiss (rapid)"]
[EventCountry "ESP"]
[Source "lmi"]
[SourceDate "2007.12.06"]

1. e4 c5 2. Nc3 Nc6 3. g3 g6 4. Bg2 Bg7 5. d3 d6 6. Be3 e5 7. Qd2 Be6 8. h4 Nf6
9. Bh6 Bxh6 10. Qxh6 Nd4 11. O-O-O Qa5 12. Kb1 O-O-O 13. Bh3 Kb8 14. Bxe6 fxe6
15. Nce2 Nxe2 16. Nxe2 Ng4 17. Qd2 Qxd2 18. Rxd2 Nxf2 19. Re1 Rhf8 20. c3 Rf7
21. Kc2 Rdf8 22. Rf1 Ng4 23. Rxf7 Ne3+ 24. Kb3 Rxf7 25. d4 c4+ 26. Kb4 Rf2 27.
dxe5 dxe5 28. a4 Kc7 29. Kc5 a6 30. a5 Rg2 31. Kb4 Kc6 32. Nd4+ exd4 33. Rxg2
Nxg2 34. cxd4 Ne3 35. g4 Nxg4 36. Kxc4 Nf6 37. Kd3 Kb5 38. d5 e5 0-1

[Event "Open Master Gran Hotel Bali"]
[Site "Benidorm ESP"]
[Date "2007.12.06"]
[Round "1.2"]
[White "Dreev, Alexey"]
[Black "Arata, Roberto"]
[Result "1-0"]
[WhiteElo "2607"]
[BlackElo "2147"]
[PlyCount "81"]
[EventDate "2007.12.06"]
[EventType "swiss (rapid)"]
[EventCountry "ESP"]
[Source "lmi"]
[SourceDate "2007.12.06"]

1. d4 d5 2. c4 c6 3. Nf3 Nf6 4. e3 e6 5. Bd3 dxc4 6. Bxc4 b5 7. Bd3 a6 8. a4
Bb7 9. O-O Nbd7 10. e4 Be7 11. Bg5 O-O 12. Nbd2 Re8 13. e5 Nd5 14. Ne4 h6 15.
Bxe7 Rxe7 16. Nd6 Nf8 17. Nd2 Qb6 18. Nb3 b4 19. a5 Qa7 20. Nc5 Bc8 21. Qf3 Ng6
22. Qe4 Nf8 23. Rfc1 f5 24. exf6 Nxf6 25. Qxc6 Bd7 26. Qxa6 Qb8 27. Qb6 Nd5 28.
Qxb8 Rxb8 29. a6 Bc6 30. Ncb7 Rc7 31. Be4 Nd7 32. Bxd5 exd5 33. f3 Nb6 34. b3
Nc8 35. Nb5 Rcxb7 36. axb7 Bxb7 37. Rc7 Kh7 38. Kf2 Ba8 39. h4 Bb7 40. h5 Ba8
41. Ra6 1-0

[Event "Open Master Gran Hotel Bali"]
[Site "Benidorm ESP"]
[Date "2007.12.06"]
[Round "1.3"]
[White "Saheb, Kamel"]
[Black "Kogan, Artur"]
[Result "0-1"]
[WhiteElo "2139"]
[BlackElo "2590"]
[PlyCount "104"]
[EventDate "2007.12.06"]
[EventType "swiss (rapid)"]
[EventCountry "ESP"]
[Source "lmi"]
[SourceDate "2007.12.06"]

1. d4 Nf6 2. Bg5 Ne4 3. Bf4 c5 4. d5 d6 5. f3 Nf6 6. e4 e5 7. dxe6 fxe6 8. Nc3
Nc6 9. Bg5 Be7 10. Bb5 O-O 11. Qd2 Nd4 12. Nge2 Nxb5 13. Nxb5 a6 14. Nbc3 b5
15. O-O b4 16. Bxf6 Bxf6 17. Nd5 Bg5 18. f4 Bh6 19. Rad1 a5 20. Ne3 Ba6 21. Ng4
Qh4 22. Nxh6+ Qxh6 23. Rf2 Rad8 24. g3 Bb7 25. Qe3 Qg6 26. f5 exf5 27. exf5
Rxf5 28. Rxf5 Qxf5 29. Rf1 Qd5 30. Nf4 Qe4 31. Qxe4 Bxe4 32. Rf2 Rd7 33. Ne6 h6
34. Rf8+ Kh7 35. Rf4 Bc6 36. Nf8+ Kg8 37. Nxd7 Bxd7 38. Kf2 Be6 39. a3 Bf7 40.
Ke3 Kf8 41. Ke4 Ke7 42. Rxf7+ Kxf7 43. Kd5 Ke7 44. Kc6 h5 45. Kb5 Kd7 46. Kxa5
bxa3 47. bxa3 Kc6 48. c4 d5 49. cxd5+ Kxd5 50. Kb6 c4 51. a4 c3 52. a5 c2 0-1

[Event "Open Master Gran Hotel Bali"]
[Site "Benidorm ESP"]
[Date "2007.12.06"]
[Round "1.5"]
[White "Muelas Cerezuela, Jose"]
[Black "Sanchez, Joseph"]
[Result "0-1"]
[WhiteElo "2124"]
[BlackElo "2496"]
[PlyCount "136"]
[EventDate "2007.12.06"]
[EventType "swiss (rapid)"]
[EventCountry "ESP"]
[Source "lmi"]
[SourceDate "2007.12.06"]

1. e4 c5 2. Nc3 Nf6 3. f4 d5 4. e5 d4 5. exf6 dxc3 6. fxg7 cxd2+ 7. Qxd2 Qxd2+
8. Bxd2 Bxg7 9. O-O-O Nc6 10. Nf3 Bg4 11. Bb5 Bxf3 12. gxf3 Rc8 13. Rhg1 Bf6
14. Be3 a6 15. Bd3 Nd4 16. Rg2 Nxf3 17. Be4 Nh4 18. Rg4 h5 19. Rgg1 e6 20. Bxb7
Bxb2+ 21. Kxb2 Rb8 22. Kc1 Rxb7 23. Bxc5 Nf5 24. Rd3 f6 25. Rgd1 Kf7 26. Rd7+
Rxd7 27. Rxd7+ Kg6 28. Ra7 Rc8 29. Bf2 Rc4 30. Rxa6 Rxf4 31. Bb6 e5 32. a4 e4
33. Bd8 Nd4 34. Kd2 Rf3 35. c3 Nb3+ 36. Ke2 Nc5 37. Rc6 Nxa4 38. c4 Nc3+ 39.
Ke1 Kf7 40. Ba5 f5 41. Rh6 Na4 42. Rxh5 Nb2 43. h4 Nxc4 44. Bc7 Ne3 45. Rh8 Nd5
46. Bd6 Ke6 47. Bc5 Rh3 48. h5 Nf4 49. Rh6+ Kd5 50. Bb6 e3 51. Bxe3 Rxe3+ 52.
Kf2 Rh3 53. Rh8 Rxh5 54. Rf8 Ke5 55. Re8+ Ne6 56. Ra8 Rh3 57. Kg2 Rb3 58. Kf2
Ke4 59. Ra4+ Nd4 60. Kg2 Rb2+ 61. Kf1 Kf3 62. Ra1 Rb3 63. Rd1 f4 64. Kg1 Ne2+
65. Kf1 Ng3+ 66. Kg1 Nf5 67. Rf1+ Kg3 68. Rc1 f3 0-1

[Event "Open Master Gran Hotel Bali"]
[Site "Benidorm ESP"]
[Date "2007.12.06"]
[Round "2.1"]
[White "Delchev, Aleksander"]
[Black "Fidalgo Fernandez, Javier"]
[Result "1-0"]
[WhiteElo "2613"]
[BlackElo "2225"]
[PlyCount "121"]
[EventDate "2007.12.06"]
[EventType "swiss (rapid)"]
[EventCountry "ESP"]
[Source "lmi"]
[SourceDate "2007.12.06"]

1. d4 Nf6 2. c4 e6 3. Nf3 b6 4. Nc3 Bb4 5. e3 Bb7 6. Bd3 O-O 7. O-O Bxc3 8.
bxc3 Be4 9. Be2 d6 10. a4 c5 11. Nd2 Bb7 12. f3 Nc6 13. Nb3 e5 14. e4 Qc7 15.
Bg5 Nd7 16. d5 Na5 17. Nd2 Rfe8 18. Bd3 f6 19. Be3 Nf8 20. g3 Bc8 21. Rf2 Re7
22. Qf1 Bd7 23. Bc2 Rae8 24. Qd3 Bc8 25. Qe2 Qd7 26. Nf1 Qh3 27. Bd2 Rf7 28.
Ne3 g5 29. Rg2 Ng6 30. Rf1 Kh8 31. Nf5 Bxf5 32. exf5 Nf8 33. f4 g4 34. fxe5
Rxe5 35. Qd3 Nd7 36. Bf4 Rfe7 37. Bd1 Kg7 38. Be2 Kf8 39. Rff2 Nb7 40. Qd1 Rg7
41. Qb1 Ke7 42. Qb5 Nb8 43. Bf1 Kd8 44. a5 Re4 45. axb6 a6 46. Qb1 Rge7 47. Re2
Rxe2 48. Rxe2 Rxe2 49. Bxh3 gxh3 50. Qd1 Rg2+ 51. Kh1 Rb2 52. Qf1 Rg2 53. g4
Nd7 54. Qf3 Nxb6 55. Qxh3 Rb2 56. Qxh7 Nxc4 57. g5 fxg5 58. Bxg5+ Kc8 59. f6
Nd8 60. Qg8 Ne5 61. Qxd8+ 1-0

[Event "Open Master Gran Hotel Bali"]
[Site "Benidorm ESP"]
[Date "2007.12.06"]
[Round "2.3"]
[White "Kogan, Artur"]
[Black "Scharrer, Patrick"]
[Result "1-0"]
[WhiteElo "2590"]
[BlackElo "2220"]
[PlyCount "52"]
[EventDate "2007.12.06"]
[EventType "swiss (rapid)"]
[EventCountry "ESP"]
[Source "lmi"]
[SourceDate "2007.12.06"]

1. d4 Nf6 2. Nf3 g6 3. Nc3 d5 4. Bf4 Bg7 5. Qd2 O-O 6. Bh6 Ne4 7. Nxe4 dxe4 8.
Bxg7 Kxg7 9. Ng5 Qd5 10. c4 Qxc4 11. Nxe4 Qd5 12. Nc3 Qa5 13. e4 c6 14. Be2 Nd7
15. O-O Nf6 16. Rfd1 Rd8 17. Qe3 Be6 18. h3 Qb4 19. Rd2 Rd7 20. a3 Qb3 21. Bd1
Qc4 22. b3 Qa6 23. Be2 Qb6 24. Na4 Qc7 25. Nc5 Rd6 26. e5 Ng8 1-0

[Event "Open Master Gran Hotel Bali"]
[Site "Benidorm ESP"]
[Date "2007.12.06"]
[Round "2.4"]
[White "Jimenez Martinez, Jose Vicente"]
[Black "Moskalenko, Viktor"]
[Result "0-1"]
[WhiteElo "2219"]
[BlackElo "2575"]
[PlyCount "90"]
[EventDate "2007.12.06"]
[EventType "swiss (rapid)"]
[EventCountry "ESP"]
[Source "lmi"]
[SourceDate "2007.12.06"]

1. d4 Nf6 2. c4 e5 3. dxe5 Ng4 4. e4 Nxe5 5. f4 Ng6 6. a3 Nc6 7. Nf3 Bd6 8. g3
O-O 9. Bg2 a5 10. O-O Bc5+ 11. Kh1 d6 12. Nc3 f6 13. Qd3 Be6 14. Nd5 Nge7 15.
Be3 Bxe3 16. Nxe3 a4 17. Rad1 Re8 18. Rfe1 Qc8 19. Nd4 Nxd4 20. Qxd4 Nc6 21.
Qc3 Na5 22. c5 dxc5 23. Qxc5 c6 24. Rd6 Qc7 25. Red1 Nb3 26. Qc3 Qb6 27. Nd5
Bxd5 28. R1xd5 Rac8 29. Rd1 Qc5 30. Qd3 Rc7 31. h3 Rce7 32. Kh2 h6 33. Qe2 h5
34. f5 h4 35. Qh5 hxg3+ 36. Kh1 Qe5 37. Qg6 Nc5 38. R1d4 Qf4 39. Rd8 Kf8 40. e5
Qxe5 41. Bf1 Rxd8 42. Rh4 g2+ 43. Qxg2 Ke8 44. Rh8+ Kd7 45. Qd2+ Qd5+ 0-1

[Event "Open Master Gran Hotel Bali"]
[Site "Benidorm ESP"]
[Date "2007.12.06"]
[Round "2.5"]
[White "Sanchez, Joseph"]
[Black "Roofdhooft, Marcel"]
[Result "1-0"]
[WhiteElo "2496"]
[BlackElo "2218"]
[PlyCount "71"]
[EventDate "2007.12.06"]
[EventType "swiss (rapid)"]
[EventCountry "ESP"]
[Source "lmi"]
[SourceDate "2007.12.06"]

1. e4 e6 2. d4 d5 3. Nc3 Nf6 4. Bg5 Bb4 5. e5 h6 6. Bd2 Bxc3 7. bxc3 Ne4 8. Qg4
Kf8 9. Bd3 Nxd2 10. Kxd2 c5 11. h4 c4 12. Be2 Bd7 13. Rh3 Nc6 14. Rg3 Rg8 15.
Qf4 b5 16. Bh5 Be8 17. Nf3 Qe7 18. a3 a5 19. Nh2 Rb8 20. Rh1 b4 21. axb4 axb4
22. Ng4 Rh8 23. Nf6 bxc3+ 24. Ke3 Qa7 25. Nxe8 Rxe8 26. Ra1 Qc7 27. Ra6 Nd8 28.
Rd6 Rg8 29. Rf3 g6 30. Qxh6+ Rg7 31. Bxg6 Kg8 32. h5 Rf8 33. Bh7+ Kh8 34. Rg3
f5 35. exf6 Rxg3+ 36. fxg3 1-0

[Event "Open Master Gran Hotel Bali"]
[Site "Benidorm ESP"]
[Date "2007.12.06"]
[Round "2.6"]
[White "Kozarcanin, Sead"]
[Black "Reyes Larena, Juan"]
[Result "0-1"]
[WhiteElo "2207"]
[BlackElo "2450"]
[PlyCount "61"]
[EventDate "2007.12.06"]
[EventType "swiss (rapid)"]
[EventCountry "ESP"]
[Source "lmi"]
[SourceDate "2007.12.06"]

1. Nf3 Nf6 2. g3 g6 3. b3 Bg7 4. Bb2 O-O 5. Bg2 d6 6. O-O e5 7. d3 Nh5 8. Nh4
f5 9. e3 Nc6 10. f4 exf4 11. Bxg7 Kxg7 12. exf4 Qf6 13. c3 Re8 14. Qd2 Be6 15.
Na3 a6 16. d4 Bf7 17. Nc4 Re7 18. Rae1 Rae8 19. Rxe7 Qxe7 20. d5 Nb8 21. Nf3
Qe2 22. Qd4+ Kg8 23. Ncd2 Qe3+ 24. Qxe3 Rxe3 25. c4 Nd7 26. Kf2 Rc3 27. Re1
Nhf6 28. h3 Kf8 29. Bf1 Nc5 30. Bg2 Ng8 31. Ng1 0-1

[Event "Open Master Gran Hotel Bali"]
[Site "Benidorm ESP"]
[Date "2007.12.06"]
[Round "3.1"]
[White "Garcia Fernandez, Carlos"]
[Black "Delchev, Aleksander"]
[Result "0-1"]
[WhiteElo "2375"]
[BlackElo "2613"]
[PlyCount "56"]
[EventDate "2007.12.06"]
[EventType "swiss (rapid)"]
[EventCountry "ESP"]
[Source "lmi"]
[SourceDate "2007.12.06"]

1. e4 c5 2. c3 Nf6 3. e5 Nd5 4. Nf3 e6 5. d4 cxd4 6. cxd4 d6 7. a3 Bd7 8. Bd3
Bc6 9. O-O Nd7 10. Re1 Qc7 11. Ng5 dxe5 12. Qh5 N7f6 13. Qh3 exd4 14. Bg6 hxg6
15. Qxh8 O-O-O 16. Qh3 Kb8 17. Nf3 Nf4 18. Bxf4 Qxf4 19. Ne5 Be8 20. Nd3 Qf5
21. Qxf5 gxf5 22. Nd2 g5 23. Rac1 g4 24. Rc2 Bh6 25. Re5 Nd5 26. g3 Bb5 27. Nf4
Nxf4 28. Rxb5 Ne2+ 0-1

[Event "Open Master Gran Hotel Bali"]
[Site "Benidorm ESP"]
[Date "2007.12.06"]
[Round "3.2"]
[White "Dreev, Alexey"]
[Black "Motyka, Michal"]
[Result "1-0"]
[WhiteElo "2607"]
[BlackElo "2290"]
[PlyCount "55"]
[EventDate "2007.12.06"]
[EventType "swiss (rapid)"]
[EventCountry "ESP"]
[Source "lmi"]
[SourceDate "2007.12.06"]

1. d4 d5 2. c4 e6 3. Nf3 Nf6 4. Nc3 Be7 5. Bf4 O-O 6. Qc2 c5 7. dxc5 Bxc5 8. e3
Nc6 9. a3 Qa5 10. Nd2 Bb4 11. cxd5 Bxc3 12. dxc6 Bxd2+ 13. Qxd2 Qxd2+ 14. Kxd2
Ne4+ 15. Ke1 g5 16. Bc7 bxc6 17. f3 Nf6 18. e4 Bb7 19. h4 g4 20. Rd1 Rac8 21.
Be5 Ne8 22. Rd7 f6 23. Bc4 Ng7 24. Bc3 Rf7 25. Rxf7 Kxf7 26. fxg4 c5 27. Rf1
Ne8 28. Bxf6 1-0

[Event "Open Master Gran Hotel Bali"]
[Site "Benidorm ESP"]
[Date "2007.12.06"]
[Round "3.3"]
[White "Granero Roca, Antonio"]
[Black "Kogan, Artur"]
[Result "1/2-1/2"]
[WhiteElo "2354"]
[BlackElo "2590"]
[PlyCount "128"]
[EventDate "2007.12.06"]
[EventType "swiss (rapid)"]
[EventCountry "ESP"]
[Source "lmi"]
[SourceDate "2007.12.06"]

1. d4 Nf6 2. c4 c5 3. d5 e5 4. Nc3 d6 5. e4 Be7 6. Bd3 Nbd7 7. Nge2 h5 8. a3 h4
9. h3 Nh5 10. Be3 Nf8 11. Qd2 Nh7 12. O-O-O Bg5 13. g4 hxg3 14. fxg3 Bxe3 15.
Qxe3 Qg5 16. Kd2 N5f6 17. Nb5 Ke7 18. Rdf1 a6 19. Nbc3 Bd7 20. b4 b5 21. bxc5
dxc5 22. Qxg5 Nxg5 23. h4 Ngh7 24. Rb1 Rhb8 25. cxb5 axb5 26. Bxb5 Bxb5 27.
Rxb5 Nxe4+ 28. Ke3 Rxb5 29. Nxb5 Nd6 30. Nec3 Nf6 31. a4 Nxb5 32. axb5 Ra3 33.
Kd2 Kd6 34. Rb1 Nxd5 35. Ne4+ Kc7 36. Rc1 Ra2+ 37. Kd3 Nb4+ 38. Kc4 Rb2 39.
Nxc5 Na2 40. Rf1 Rb4+ 41. Kd3 Kd6 42. Ne4+ Ke7 43. Ra1 Rd4+ 44. Ke3 Nb4 45.
Ra7+ Rd7 46. Rxd7+ Kxd7 47. Nc5+ Kd6 48. Ne4+ Ke7 49. Nc3 f5 50. Na4 Kd6 51.
Kf3 Nd5 52. Ke2 e4 53. Kd2 g6 54. Ke2 Nc7 55. b6 Ne6 56. Ke3 Kc6 57. g4 fxg4
58. Kxe4 Nd8 59. Kf4 Kb5 60. Nc3+ Kxb6 61. Nd5+ Kc5 62. Ne7 Kd6 63. Nxg6 Ke6
64. Kxg4 Kf6 1/2-1/2

[Event "Open Master Gran Hotel Bali"]
[Site "Benidorm ESP"]
[Date "2007.12.06"]
[Round "3.4"]
[White "Moskalenko, Viktor"]
[Black "Hristodorescu, Daniel"]
[Result "1-0"]
[WhiteElo "2575"]
[BlackElo "2260"]
[PlyCount "109"]
[EventDate "2007.12.06"]
[EventType "swiss (rapid)"]
[EventCountry "ESP"]
[Source "lmi"]
[SourceDate "2007.12.06"]

1. d4 Nf6 2. c4 c5 3. d5 e5 4. Nc3 d6 5. e4 Be7 6. g3 Nbd7 7. Bg2 h5 8. Nf3 Nf8
9. Nh4 g6 10. h3 N6h7 11. Nf3 Ng5 12. h4 Nxf3+ 13. Bxf3 Nh7 14. Bd2 Bd7 15. a3
b6 16. b4 a5 17. bxc5 bxc5 18. Rb1 Rb8 19. O-O O-O 20. Qc2 Qc7 21. Rxb8 Rxb8
22. Rb1 Bd8 23. Bd1 Rb7 24. Rxb7 Qxb7 25. Qb3 Qxb3 26. Bxb3 g5 27. hxg5 Nxg5
28. Bd1 h4 29. f4 Nh3+ 30. Kg2 hxg3 31. fxe5 dxe5 32. Kxg3 Ng5 33. Bg4 Be8 34.
Be3 a4 35. Bxc5 Ba5 36. Bb4 Bxb4 37. axb4 a3 38. Bf5 Bd7 39. Na2 Bxf5 40. exf5
Ne4+ 41. Kg2 Kf8 42. c5 Ke7 43. Kf3 Ng5+ 44. Ke3 Kd7 45. b5 f6 46. b6 Nf7 47.
Kd3 Nh6 48. c6+ Kd6 49. b7 Kc7 50. d6+ Kb8 51. Ke4 Nf7 52. Kd5 e4 53. Ke6 Ne5
54. Nb4 Ka7 55. d7 1-0

[Event "Open Master Gran Hotel Bali"]
[Site "Benidorm ESP"]
[Date "2007.12.06"]
[Round "3.5"]
[White "Lerch Gallemi, Jose Maria"]
[Black "Sanchez, Joseph"]
[Result "0-1"]
[WhiteElo "2284"]
[BlackElo "2496"]
[PlyCount "51"]
[EventDate "2007.12.06"]
[EventType "swiss (rapid)"]
[EventCountry "ESP"]
[Source "lmi"]
[SourceDate "2007.12.06"]

1. e4 d5 2. exd5 Nf6 3. g3 Bg4 4. Nf3 Qxd5 5. Bg2 Nc6 6. Nc3 Qe6+ 7. Qe2 Qxe2+
8. Nxe2 Nb4 9. Ned4 O-O-O 10. a3 Nbd5 11. O-O e6 12. b4 Be7 13. c4 Nb6 14. c5
Nc4 15. Re1 Rhe8 16. Bf1 e5 17. Bxc4 exd4 18. Ne5 Bf8 19. Bxf7 Re7 20. Bb2 Bh3
21. Bc4 g6 22. Nf3 Ne4 23. d3 Nc3 24. Bxc3 dxc3 25. Ng5 Bf5 26. Rec1 0-1

[Event "Open Master Gran Hotel Bali"]
[Site "Benidorm ESP"]
[Date "2007.12.06"]
[Round "3.6"]
[White "Reyes Larena, Juan"]
[Black "Purtseladze, Maka"]
[Result "1/2-1/2"]
[WhiteElo "2450"]
[BlackElo "2259"]
[PlyCount "111"]
[EventDate "2007.12.06"]
[EventType "swiss (rapid)"]
[EventCountry "ESP"]
[Source "lmi"]
[SourceDate "2007.12.06"]

1. e4 c6 2. d4 d5 3. Nc3 dxe4 4. Nxe4 Bf5 5. Nc5 b6 6. Nb3 e6 7. Nf3 Nf6 8. Be2
Be7 9. O-O O-O 10. Ne5 Qc7 11. Bf3 Be4 12. Bxe4 Nxe4 13. Re1 Nf6 14. Qf3 Bd6
15. h3 Nbd7 16. Nc4 c5 17. Nxd6 Qxd6 18. dxc5 Nxc5 19. Rd1 Qe5 20. Nxc5 Qxc5
21. c3 Rac8 22. Bf4 Qc6 23. Qe2 Qc4 24. Qxc4 Rxc4 25. Be5 Rfc8 26. a4 R4c5 27.
Bd4 Rd5 28. Bxf6 Rxd1+ 29. Rxd1 gxf6 30. Rd7 a5 31. Rb7 Rc6 32. Kf1 Rc4 33. b3
Rxc3 34. Rxb6 Rc2 35. Rb5 Rb2 36. g4 Kg7 37. Kg2 Kg6 38. Kg3 h5 39. f3 hxg4 40.
fxg4 f5 41. gxf5+ exf5 42. h4 Rb1 43. Kf4 Rf1+ 44. Kg3 Rb1 45. Kf2 Rb2+ 46. Ke3
Kh5 47. Rxa5 Kg4 48. Ra8 Rxb3+ 49. Kd4 Kxh4 50. Ke5 Rf3 51. a5 f6+ 52. Kxf6 Kg4
53. Rg8+ Kf4 54. Rg1 Ra3 55. Rf1+ Ke4 56. Rh1 1/2-1/2

[Event "Open Master Gran Hotel Bali"]
[Site "Benidorm ESP"]
[Date "2007.12.07"]
[Round "4.1"]
[White "Delchev, Aleksander"]
[Black "Sanchez, Joseph"]
[Result "1-0"]
[WhiteElo "2613"]
[BlackElo "2496"]
[PlyCount "141"]
[EventDate "2007.12.06"]
[EventType "swiss (rapid)"]
[EventCountry "ESP"]
[Source "lmi"]
[SourceDate "2007.12.06"]

1. e4 c5 2. Nf3 Nc6 3. d4 cxd4 4. Nxd4 Nf6 5. Nc3 e5 6. Ndb5 d6 7. Nd5 Nxd5 8.
exd5 Ne7 9. c3 Nf5 10. a4 Be7 11. Bd3 O-O 12. O-O Nh4 13. f4 exf4 14. Bxf4 Ng6
15. Bxg6 hxg6 16. Kh1 Bf5 17. Re1 a6 18. Na3 Rc8 19. Qb3 Qc7 20. Qb4 Rfd8 21.
Be3 Re8 22. Bb6 Qd7 23. Nc4 Bd3 24. Na5 Bf6 25. Bg1 Be5 26. Re3 Bf5 27. Nc4
Rcd8 28. Rae1 f6 29. R3e2 Bd3 30. Nb6 Qf7 31. Re3 Bf5 32. c4 Bf4 33. Rxe8+ Rxe8
34. Rxe8+ Qxe8 35. c5 Qe4 36. Qxe4 Bxe4 37. b4 dxc5 38. Bxc5 Kf7 39. Kg1 Bc7
40. g3 f5 41. Kf2 g5 42. Ke3 Bg2 43. d6 Bd8 44. Na8 Ke6 45. Nb6 Bc6 46. a5 Bf6
47. Nc4 Bb5 48. Nd2 Be5 49. Nf3 f4+ 50. Kf2 Bf6 51. g4 Kd5 52. h3 Bd7 53. Nd2
Bc3 54. Nf3 Bf6 55. Nd2 Bb5 56. Kg2 Be5 57. Nf3 Bxd6 58. Bxd6 Kxd6 59. Nxg5
Bc6+ 60. Kf2 Kd5 61. h4 Ke5 62. h5 Bd7 63. Nf3+ Kd5 64. g5 Bf5 65. Nd2 Bc2 66.
h6 gxh6 67. gxh6 Ke5 68. Nb3 Kd5 69. Nc5 Kc4 70. Kf3 Kxb4 71. Ne4 1-0

[Event "Open Master Gran Hotel Bali"]
[Site "Benidorm ESP"]
[Date "2007.12.07"]
[Round "4.2"]
[White "Campos Gambuti, Luis Maria"]
[Black "Dreev, Alexey"]
[Result "0-1"]
[WhiteElo "2429"]
[BlackElo "2607"]
[PlyCount "92"]
[EventDate "2007.12.06"]
[EventType "swiss (rapid)"]
[EventCountry "ESP"]
[Source "lmi"]
[SourceDate "2007.12.06"]

1. d4 d5 2. c4 c6 3. cxd5 cxd5 4. Nc3 Nf6 5. Nf3 Nc6 6. Bf4 e6 7. Rc1 Bd7 8. e3
Nh5 9. Bg5 Qb6 10. Nd2 Nf6 11. a3 Rc8 12. Na4 Qd8 13. Bd3 e5 14. Bxf6 Qxf6 15.
dxe5 Nxe5 16. Rxc8+ Bxc8 17. Bb5+ Nc6 18. Nc3 Bxa3 19. Nxd5 Qxb2 20. Nc4 Qa2
21. O-O Be6 22. Nc3 Qxc4 23. Bxc4 Bxc4 24. Qg4 Bxf1 25. Qxg7 Rf8 26. Kxf1 Bb2
27. Qf6 a5 28. Qf5 Bxc3 29. Qc8+ Ke7 30. Qc7+ Ke6 31. Qxb7 Kd6 32. Qb3 Bb4 33.
e4 f6 34. f4 Kc5 35. Qd5+ Kb6 36. Qb3 Ra8 37. Qa4 Rd8 38. Ke2 Rd4 39. Kf3 Bc5
40. Qb3+ Rb4 41. Qe6 a4 42. Qxf6 a3 43. Qc3 Nd4+ 44. Kg4 Ra4 45. e5 a2 46. Qb2+
Kc6 0-1

[Event "Open Master Gran Hotel Bali"]
[Site "Benidorm ESP"]
[Date "2007.12.07"]
[Round "4.3"]
[White "Pogorelov, Ruslan"]
[Black "Moskalenko, Viktor"]
[Result "1/2-1/2"]
[WhiteElo "2411"]
[BlackElo "2575"]
[PlyCount "99"]
[EventDate "2007.12.06"]
[EventType "swiss (rapid)"]
[EventCountry "ESP"]
[Source "lmi"]
[SourceDate "2007.12.06"]

1. d4 f5 2. c4 Nf6 3. g3 e6 4. Bg2 d5 5. Nh3 c6 6. Qc2 Bd6 7. O-O O-O 8. Bf4
Qe7 9. Nd2 Nbd7 10. Nf3 Ne4 11. Bxd6 Nxd6 12. b3 dxc4 13. bxc4 e5 14. dxe5 Nxe5
15. Nxe5 Qxe5 16. c5 Ne4 17. Rac1 Be6 18. Nf4 Rad8 19. Nxe6 Qxe6 20. Rfd1 Nf6
21. Qb3 Qxb3 22. axb3 Kf7 23. Bf3 Ke7 24. e3 Rxd1+ 25. Bxd1 g6 26. Kf1 Rd8 27.
Ke1 Ne4 28. b4 a6 29. Bc2 Nf6 30. Bb3 Ng4 31. Ke2 Ne5 32. Bc2 Nd7 33. h3 Nf6
34. Bb3 Ne4 35. Rc2 Ra8 36. g4 Rd8 37. f3 Nf6 38. Bc4 Nd5 39. Bxd5 Rxd5 40. Rc4
Kf6 41. gxf5 Rxf5 42. Rh4 h5 43. Rd4 a5 44. h4 axb4 45. Rxb4 Rxc5 46. Rxb7 Rc2+
47. Kd3 Rf2 48. Ke4 Rh2 49. Rc7 Rxh4+ 50. f4 1/2-1/2

[Event "Open Master Gran Hotel Bali"]
[Site "Benidorm ESP"]
[Date "2007.12.07"]
[Round "5.1"]
[White "Dreev, Alexey"]
[Black "Delchev, Aleksander"]
[Result "1/2-1/2"]
[WhiteElo "2607"]
[BlackElo "2613"]
[PlyCount "72"]
[EventDate "2007.12.06"]
[EventType "swiss (rapid)"]
[EventCountry "ESP"]
[Source "lmi"]
[SourceDate "2007.12.06"]

1. d4 Nf6 2. c4 e6 3. Nf3 d5 4. Nc3 c6 5. e3 a6 6. b3 c5 7. cxd5 exd5 8. Bb2
Nc6 9. Be2 Bd6 10. dxc5 Bxc5 11. O-O O-O 12. Na4 Ba7 13. Rc1 Ne4 14. Nc3 Be6
15. Bd3 Ng5 16. Nxg5 Qxg5 17. Ne2 Bg4 18. Kh1 Rad8 19. Bb1 Qh5 20. f3 Be6 21.
Nd4 Nxd4 22. Bxd4 Bb8 23. f4 Bg4 24. Qe1 Bf5 25. Qg3 f6 26. h3 Bxb1 27. Rxb1
Rc8 28. Rbc1 Qf5 29. Rfd1 Bd6 30. Qg4 Qxg4 31. hxg4 Ba3 32. Rxc8 Rxc8 33. Kh2
Kf7 34. Kg3 Rc2 35. Ba7 Ke6 36. f5+ Ke5 1/2-1/2

[Event "Open Master Gran Hotel Bali"]
[Site "Benidorm ESP"]
[Date "2007.12.07"]
[Round "5.2"]
[White "Moskalenko, Viktor"]
[Black "Kogan, Artur"]
[Result "1/2-1/2"]
[WhiteElo "2575"]
[BlackElo "2590"]
[PlyCount "49"]
[EventDate "2007.12.06"]
[EventType "swiss (rapid)"]
[EventCountry "ESP"]
[Source "lmi"]
[SourceDate "2007.12.06"]

1. d4 d5 2. c4 dxc4 3. e3 Nf6 4. Bxc4 a6 5. Nf3 b5 6. Bd3 Bb7 7. O-O e6 8. Qe2
Nbd7 9. a4 b4 10. e4 Be7 11. Nbd2 c5 12. e5 Nd5 13. Nc4 cxd4 14. Bg5 O-O 15.
Qe4 g6 16. Qh4 Nc5 17. Rad1 f6 18. exf6 Bxf6 19. Bb1 Qe7 20. Rxd4 Bxg5 21. Nxg5
Rad8 22. Rg4 Rf6 23. Ne5 Nd7 24. Nxd7 Rxd7 25. Ne4 1/2-1/2

[Event "Open Master Gran Hotel Bali"]
[Site "Benidorm ESP"]
[Date "2007.12.07"]
[Round "5.3"]
[White "Granero Roca, Antonio"]
[Black "Pogorelov, Ruslan"]
[Result "1-0"]
[WhiteElo "2354"]
[BlackElo "2411"]
[PlyCount "67"]
[EventDate "2007.12.06"]
[EventType "swiss (rapid)"]
[EventCountry "ESP"]
[Source "lmi"]
[SourceDate "2007.12.06"]

1. d4 Nf6 2. c4 e6 3. Nf3 b6 4. g3 Ba6 5. b3 Bb4+ 6. Bd2 Be7 7. Bg2 c6 8. O-O
O-O 9. Bc3 d5 10. Nbd2 Nbd7 11. Qc2 c5 12. e4 dxc4 13. Nxc4 Bxc4 14. bxc4 cxd4
15. Nxd4 Rc8 16. Bb2 Qc7 17. Rac1 Qb8 18. Rfd1 Nc5 19. Qe2 Nfd7 20. f4 e5 21.
Nf5 Bf6 22. Qg4 Kh8 23. Rd6 g6 24. Rxf6 Nxf6 25. Qh4 Ncd7 26. Bxe5 gxf5 27.
Bxb8 Rxb8 28. e5 Ng8 29. Bh3 Nc5 30. Bxf5 h6 31. Rd1 Rbe8 32. Rd6 Kg7 33. Rxh6
Nxh6 34. Qg5+ 1-0

[Event "Open Master Gran Hotel Bali"]
[Site "Benidorm ESP"]
[Date "2007.12.07"]
[Round "6.1"]
[White "Delchev, Aleksander"]
[Black "Granero Roca, Antonio"]
[Result "1-0"]
[WhiteElo "2613"]
[BlackElo "2354"]
[PlyCount "65"]
[EventDate "2007.12.06"]
[EventType "swiss (rapid)"]
[EventCountry "ESP"]
[Source "lmi"]
[SourceDate "2007.12.06"]

1. d4 Nf6 2. c4 c5 3. d5 b5 4. cxb5 a6 5. b6 d6 6. Nc3 Nbd7 7. a4 a5 8. e4 Qxb6
9. Nf3 g6 10. Nd2 Bg7 11. Be2 Ba6 12. Nb5 O-O 13. O-O Rfb8 14. Nc4 Qd8 15. Qc2
Nb6 16. Nca3 Bc8 17. Bf4 Nfd7 18. Bg5 h6 19. Bd2 Ne5 20. f4 Bg4 21. Bxg4 Nxg4
22. h3 Nf6 23. Bc3 Ne8 24. Rad1 Nc7 25. f5 Nxb5 26. Nxb5 Nd7 27. fxg6 fxg6 28.
e5 dxe5 29. Qxg6 Rb6 30. d6 exd6 31. Rf7 Qf8 32. Rxf8+ Nxf8 33. Qe4 1-0